000 00552nam a2200193Ia 4500
005 20250923145907.0
008 008 250917s9999 xx 000 0 eng d
037 _aTextual
040 _aDSWL
_beng
_cDSWL
041 _aeng
_2eng
084 _aYX,Z1-34;5.213, N93
_qDSWL
100 _aRao, B.V.R.
_9840022
245 0 _aStreet childrn of Hyderabad
_c by B.V.R. Rao
260 _aNoida
_b N.L.I.
_c1992
300 _aix,49p.
700 _a B. Malik
_9840023
942 _cTEXL
_hYX,Z1-34;5.213, N93
999 _c1457036
_d1457036